00830nam a2200253 a 450000100060000000300080000600500170001400800410003102000150007203500190008704000260010604100080013206000160014008200240015610000490018024501160022925000120034526000370035730000340039450400510042865000200047970000290049970000480052866108BD-RjUL20211209081512.0170314s1990 paua b 001 0 eng d a0721624243 a(BD-RjUL)66238 aBD-RjULbengcBD-RjUL aeng 0aWR140 A566d a616.5223bARA 19901 aArnold, Harry L.q(Harry Loren),d1912-1991.10aAndrews' Diseases of the skin :bclinical dermatology /cHarry L. Arnold, Richard B. Odom and William D. James. a8th ed. aPhiladelphia :bSaunders,c1990. aix, 1062 p. :bill. ;c29 cm. aIncludes bibliographical references and index. 0aDiseases.xSkin1 aOdom, Richard B.,d1937-1 aJames, William D.q(William Daniel),d1950-